000 00413nam a2200145Ia 4500
008 151213s9999 xx 000 0 und d
100 _aNelson, M.
245 _aAlive at the core:
_bexemplary approaches to general education in humanities
_cNelson, M.
260 _aSan Francisco
_bJossey Bass
_c2000
300 _a1744 p.
650 _aEducation
650 _aReference
700 _aNelson, M.
999 _c1285
_d1285